01108 a2200217 45000010006000000050017000060080041000230030015000640400040000790800105001192450122002240200022003462640096003683000019004645050239004830410008007221000019007307000021007497000021007708560099007914969420260407155758.0260407a2019 arg spa dAR-UNSa-BCEJYS aAR-UNSa-BCEJYSbspacAR-UNSa-BCEJYS a304.4xAspectos generales de las políticas y prácticas sociales y culturales (política social)10aProgramas sociales, superación de la pobreza e inclusión laboralpaprendizajes desde América Latina y el Caribe a978-92-1-122014-8 1aSantiago de Chile :bCEPAL (Comisión Económica para América Latina y el Caribe)c2019 a275 p.c22 cm. a1. Hacia un círculo virtuoso de protección social e inclusión - 2. Programas de transferencias condicionadas e inclusión laboral - 3. Programas de inclusión laboral y productiva - 4. Pensiones sociales e inclusión laboral. aspa1 aAbramo, Laís1 aCecchini, Simone1 aMorales, Beatriz41uhttps://www.biblioeco.unsa.edu.ar/pmb/images/libros/L128167.jpgyImagen de portadaqimage/jpeg